ბათუმის შოთა რუსთაველის სახელმწიფო უნივერსიტეტის ბიბლიოთეკა

თამბაქოს ქიმია : (ბიბ.ჩანაწერი № 62979)

000 -ლიდერი
ფიქსირებული სიგრძის საკონტროლო ველი 01043nam a22002177a 4500
003 - საკონტროლო ნომრის იდენტიფიკატორი
საკონტროლო ველი Ge_BSU
005 - ბოლო ოპერაციის თარიღი და დრო
საკონტროლო ველი 20250422134642.0
008 - ფიქსირებული სიგრძის მონაცემთა ელემენტები - ზოგადი ინფორმაცია
ფიქსირებული სიგრძის საკონტროლო ველი 250422s2009 ge ||||| |||| 00| 0 geo d
020 ## - წიგნის საერთაშორისო სტანდარტული ნომერი
International Standard Book Number 9789941017124
041 ## - ენის კოდი
Language code of text/sound track or separate title geo
080 ## - უნივერსალური ათობითი კლასიფიკაციის ინდექსი
Universal Decimal Classification number 663.97.051.8(075.8) ფ-95
100 ## - მთავარი ჩანაწერი - პიროვნების სახელი
Personal name ფრუიძე, მაყვალა
9 (RLIN) 16762
245 ## - ცნობა სათაურის შესახებ
Title თამბაქოს ქიმია :
Remainder of title სახელმძღვ. უმაღლ. სკოლის სასურსათო ტექნოლ. სტუდ. /
Statement of responsibility, etc მაყვალა ფრუიძე; [რედ. ნ. ჩიქოვანი].
264 ## - წარმოების, გამოცემის, დისტრიბუციის და სხვა ცნობები
გამოცემის, წარმოების, დისტრიბუციის... ადგილი ქუთაისი,
გამოცემის, წარმოების, დისტრიბუციის... თარიღი 2009.
300 ## - ფიზიკური აღწერა
Extent 192 გვ. :
Other physical details ცხრ., სურ. ;
Dimensions 20 სმ.
504 ## - BIBLIOGRAPHY, ETC. NOTE
Bibliography, etc ბიბლიოგრ.: გვ. 190.
653 ## - INDEX TERM--UNCONTROLLED
Uncontrolled term თამბაქოს ქიმია
700 ## - ADDED ENTRY--PERSONAL NAME
Personal name ჩიქოვანი, ნ.
Relator term რედაქტორი
9 (RLIN) 24882
856 ## - ELECTRONIC LOCATION AND ACCESS
Uniform Resource Identifier https://dspace.nplg.gov.ge/bitstream/1234/6395/1/Tambaqos%20Qimia.pdf
Link text ელ. ვერსია
942 ## - ADDED ENTRY ELEMENTS (KOHA)
Source of classification or shelving scheme
Koha item type წიგნი
ეგზემპლარები
ჩამოწერის სტატუსი დაკარგული ეგზემპლარის სტატუსი კლასიფიკაციის წყარო ან თაროზე გაწყობის სქემა დაზიანების სტატუსი არ გაიცემა მუდმივი მდებარეობა (დაცვის ადგილი) ამჟამინდელი ადგილსამყოფელი თაროზე განთავსების ადგილი შეძენის თარიღი ღირებულება, შესყიდვის ნორმალური ფასი სრული შენახვის შიფრი შტრიხკოდი ბოლო ოპერაციის თარიღი ეგზემპლარის მიმდევრობითი ნომერი (კეტერი?) Uniform Resource Identifier ფასის ძალაში შესვლის თარიღი ეგზემპლარის სახეობა საჯარო შენიშვნა
          აგრარული და მემბრანული ტექნოლოგიების ინსტიტუტის ბიბლიოთეკა აგრარული და მემბრანული ტექნოლოგიების ინსტიტუტის ბიბლიოთეკა წიგნსაცავი 2025-04-22 8.00 663.97.051.8(075.8) ფ-95 71179 2025-04-22 71179 ნაჩუქარი 2025-04-22 წიგნი 8 ლ.